Quốc gia thăng trầm - Lý giải vận mệnh của các nền kinh tế Tiểu luận và bút ký về nghề văn

Сохранить в:
Библиографические подробности
Главный автор: Sharma, Ruchir
Другие авторы: Tường, Linh (Dịch)
Формат:
Опубликовано: Hà Nội Thế giới; Công ty TNHH MTV Sách Phương Nam 2018
Предметы:
Метки: Добавить метку
Нет меток, Требуется 1-ая метка записи!
Thư viện lưu trữ: Trung tâm Học liệu Lê Vũ Hùng, Trường Đại học Đồng Tháp
LEADER 01039pam a22002538a 4500
001 00045952
005 20201124091157.0
008 170515s2006 ||||||Viesd
020 # # |c 239000  |a 9786047741373 
041 0 # |a Vie 
082 1 4 |a 330.9  |b QU451GI 
100 1 # |a Sharma, Ruchir 
245 1 0 |b Tiểu luận và bút ký về nghề văn  |a Quốc gia thăng trầm - Lý giải vận mệnh của các nền kinh tế  |c Ruchir Sharma; Tường Linh (dịch) 
260 # # |a Hà Nội  |b Thế giới; Công ty TNHH MTV Sách Phương Nam  |c 2018 
300 # # |a 508 tr.  |c 24 cm 
500 # # |a Nguyên bản: The rise and fall of nations: forces of change in the post-crisis world 
653 # # |a Dự đoán 
653 # # |a Khủng hoảng tài chính 
653 # # |a Lịch sử kinh tế 
653 # # |a Thế giới 
700 # # |a Tường, Linh  |e Dịch 
852 # # |j KD.0027453 
910 # # |d 24/11/2020 
980 # # |a Trung tâm Học liệu Lê Vũ Hùng, Trường Đại học Đồng Tháp